| 000 | 00482nam a2200145Ia 4500 | ||
|---|---|---|---|
| 008 | 100415s9999 xx 000 0 und d | ||
| 082 |
_b5789 _a595.7 |
||
| 100 | _aParker,B.M | ||
| 245 | _aSix- Legged Neighbors: The Basre Sciences Education Series | ||
| 260 |
_aEVANSTON _c1956 _bROW PETERSON AND CO. |
||
| 365 | _b4 | ||
| 630 | _aSix- Legged Neighbors: The Basre Sciences Education Series | ||
| 730 | _aSix- Legged Neighbors: The Basre Sciences Education Series | ||
| 942 | _cBOOK | ||
| 999 |
_c588762 _d588759 |
||